| 000 | 00562nam a2200217Ia 4500 | ||
|---|---|---|---|
| 005 | 20241129111444.0 | ||
| 008 | 241129s9999||||xx |||||||||||||| ||und|| | ||
| 020 | _a93-93998-67-1 | ||
| 037 | _aTB | ||
| 040 |
_aCRL _beng _cCRL |
||
| 041 |
_aurd _2urd |
||
| 084 |
_aO168,1NWA:g R2 _qCRL |
||
| 100 |
_aWasifyar _9724457 |
||
| 245 | 0 |
_aMitti daal _cWasifyar |
|
| 260 |
_aDelhi, India _bArshia Publications _c2022 |
||
| 300 | _a240p. | ||
| 365 |
_aINR _b350 |
||
| 650 | _aUrdu Poetry | ||
| 942 |
_cTB _hO168,1NWA:g R2 |
||
| 999 |
_c1230546 _d1230546 |
||